• 首页
  • 本馆介绍
  • 公告通知
  • 最新文献
  • 馆藏检索
  • 电子资源
  • 读者导购
  • 参考咨询
  • 我的图书馆
  • 登录
  • 详细信息显示
  • 放入我的书架
  • 预约/预借图书
  • 作者相关作品
  • 分类相关作品
  • 丛书相关作品
  • 出版社相关作品

书目信息

  • 表格格式
  • 工作单格式
  • 卡片格式
题名:
少林寺
    
 
作者: 赵宝俊 著
分册:  
出版信息: 上海   上海人民出版社  1982
页数: 136页
开本: 19cm
丛书名:
单 册:
中图分类: K928.75 , K239
科图分类:
主题词: 少林寺-名胜古迹 , 名胜古迹-少林寺 , 中国--古代史--封建社会
电子资源:
ISBN:
000 00644nam0 2200253 450
001 1556668994
005 20170926134615.18
010    @dCNY0.39
091    @a11074.534
100    @a19980305d1982 em y0chiy0110 ea
101 0  @achi
102    @aCN@b310000
105    @af z 000yy
200 1  @a少林寺@9shao lin si@f赵宝俊著
210    @a上海@c上海人民出版社@d1982
215    @a136页@c照片@d19cm
606 0  @a少林寺-名胜古迹
606 0  @a名胜古迹-少林寺
606 0  @a中国@x古代史@x封建社会
690    @aK928.75@v5
690    @aK239@v4
701  0 @a赵宝俊@9zhao bao jun@4著
801  0 @aCN@bTSSF@c20150119
905    @aZUCC@dK239@eJY1
    
    少林寺/赵宝俊著.-上海:上海人民出版社,1982
    136页:照片;19cm
    
    
    ISBN :CNY0.39
    
●
相关链接 在E读中查询图书 在五车中查询图书 在当当中查询图书 在豆瓣中查询图书


正题名:少林寺     索取号:K239/JY1         预约/预借

序号 登录号 条形码 馆藏地/架位号 状态 备注
1 7847772   278477729   学院路分馆/ [索取号:K239/JY1] 在馆    
唐山师范学院图书馆 欢迎您!
大连网信软件有限公司© 版权所有